[Event "CZE-chT2C 2223"]
[Site "Czech Republic"]
[Date "2023.01.08"]
[Round "6.5"]
[White "Silhan, Petr"]
[Black "Kucera, Petr"]
[Result "1-0"]
[WhiteElo "2058"]
[BlackElo "2195"]
[PlyCount "61"]
[EventDate "2022.10.16"]
[EventType "team-tourn"]
[EventRounds "11"]
[EventCountry "CZE"]
[SourceTitle "EXT 2024"]
[Source "ChessBase"]
[SourceDate "2023.10.10"]
[SourceVersion "1"]
[SourceVersionDate "2023.10.10"]
[SourceQuality "1"]
[WhiteTeam "Neratovice II"]
[BlackTeam "Turnov Zikuda II"]
[WhiteTeamCountry "CZE"]
[BlackTeamCountry "CZE"]

1. d4 d5 2. c4 dxc4 3. Nc3 Nf6 4. Nf3 Nc6 5. e4 Bg4 6. Be3 e6 7. Qa4 Bxf3 8. gxf3 a6 9. Qxc4 Bb4 10. 0-0-0 Bxc3 11. Qxc3 Ne7 12. Rg1 Ng6 13. d5 e5 14. Qb4 b5 15. Bh3 Nd7 16. Kb1 Qe7 17. Qa5 0-0 18. Qxc7 Rfd8 19. Qa5 h6 20. Rc1 Qh4 21. Bf5 Ne7 22. Bxd7 Rxd7 23. Rc7 Qxh2 24. Rxg7+ Kxg7 25. Rxd7 Qh1+ 26. Bc1 Rc8 27. Qd2 Ng6 28. Rd6 Nf4 29. Rc6 Rd8 30. Qc3 h5 31. Qxe5+ 1-0

[Event "CZE-chT2C 2223"]
[Site "Czech Republic"]
[Date "2022.12.18"]
[Round "5.6"]
[White "Marek, Miroslav"]
[Black "Silhan, Petr"]
[Result "0-1"]
[WhiteElo "2101"]
[BlackElo "2058"]
[PlyCount "84"]
[EventDate "2022.10.16"]
[EventType "team-tourn"]
[EventRounds "11"]
[EventCountry "CZE"]
[SourceTitle "EXT 2024"]
[Source "ChessBase"]
[SourceDate "2023.10.10"]
[SourceVersion "1"]
[SourceVersionDate "2023.10.10"]
[SourceQuality "1"]
[WhiteTeam "Kolin"]
[BlackTeam "Neratovice II"]
[WhiteTeamCountry "CZE"]
[BlackTeamCountry "CZE"]

1. e4 c5 2. Nc3 Nc6 3. f4 g6 4. Nf3 Bg7 5. Bc4 e6 6. d3 Nge7 7. 0-0 0-0 8. Qe1 Nd4 9. Nxd4 cxd4 10. Ne2 d5 11. Bb3 dxe4 12. dxe4 b6 13. Ng3 Qc7 14. Bd2 a5 15. a4 Rd8 16. Rc1 Ba6 17. Rf2 Bc4 18. f5 Be5 19. f6 Nc8 20. Rf3 Nd6 21. Bf4 Qc5 22. Qd2 Rac8 23. Bxe5 Qxe5 24. Bxc4 Rxc4 25. b3 Rc5 26. Rd1 Ne8 27. c3 d3 28. Rxd3 Rxd3 29. Qxd3 Nxf6 30. c4 Kg7 31. Qd4 h5 32. Qxe5 Rxe5 33. Rd6 h4 34. Nf1 Nxe4 35. Rxb6 Nc3 36. Kf2 Nd1+ 37. Kf3 f5 38. Rb5 Re1 39. Nd2 Re3+ 40. Kf4 Kf6 41. Ne4+ Rxe4+ 42. Kf3 Re3+ 0-1

[Event "CZE-chT2C 2223"]
[Site "Czech Republic"]
[Date "2022.12.04"]
[Round "4.5"]
[White "Vrkota, Milos"]
[Black "Silhan, Petr"]
[Result "1/2-1/2"]
[WhiteElo "2093"]
[BlackElo "2058"]
[PlyCount "38"]
[EventDate "2022.10.16"]
[EventType "team-tourn"]
[EventRounds "11"]
[EventCountry "CZE"]
[SourceTitle "EXT 2024"]
[Source "ChessBase"]
[SourceDate "2023.10.10"]
[SourceVersion "1"]
[SourceVersionDate "2023.10.10"]
[SourceQuality "1"]
[WhiteTeam "Kutna Hora"]
[BlackTeam "Neratovice II"]
[WhiteTeamCountry "CZE"]
[BlackTeamCountry "CZE"]

1. e4 c5 2. Nc3 Nc6 3. f4 g6 4. Nf3 Bg7 5. Bb5 Nd4 6. Bd3 Nh6 7. Nxd4 cxd4 8. Ne2 0-0 9. c3 dxc3 10. dxc3 d5 11. e5 Bf5 12. Nd4 Bxd3 13. Qxd3 Qb6 14. Qb5 Qxb5 15. Nxb5 Rfd8 16. Be3 a6 17. Nd4 Nf5 18. Nxf5 gxf5 19. 0-0-0 Rac8 1/2-1/2

[Event "CZE-chT1W 2223"]
[Site "Czech Republic"]
[Date "2022.11.27"]
[Round "4.2"]
[White "Marikova, Jana"]
[Black "Silhan, Petr"]
[Result "1-0"]
[WhiteElo "2153"]
[BlackElo "2058"]
[PlyCount "71"]
[EventDate "2022.10.09"]
[EventType "team-tourn"]
[EventRounds "11"]
[EventCountry "CZE"]
[SourceTitle "CBM 213 Extra"]
[Source "ChessBase"]
[SourceDate "2023.05.31"]
[SourceVersion "1"]
[SourceVersionDate "2023.05.31"]
[SourceQuality "1"]
[WhiteTeam "Ricany Betsys"]
[BlackTeam "Neratovice"]
[WhiteTeamCountry "CZE"]
[BlackTeamCountry "CZE"]

1. d4 d5 2. c4 c6 3. Nc3 Nf6 4. Nf3 e6 5. Bg5 h6 6. Bh4 Nbd7 7. e3 Bd6 8. Be2 0-0 9. 0-0 Re8 10. Qc2 dxc4 11. Bxc4 b5 12. Bb3 Bb7 13. Rad1 a6 14. e4 Be7 15. a3 Qb6 16. e5 Nd5 17. Bxe7 Rxe7 18. Ne4 a5 19. Ba2 b4 20. Nc5 Nxc5 21. dxc5 Qd8 22. Bb1 g6 23. h4 h5 24. Ng5 Qf8 25. Rfe1 Ba6 26. Rd4 Rb7 27. a4 Qh6 28. g4 hxg4 29. Rxg4 b3 30. Qd1 Rb4 31. Ree4 Rxe4 32. Nxe4 Nf4 33. Qf3 Ne2+ 34. Kh2 Nd4 35. Nf6+ Kg7 36. Rxd4 1-0

[Event "CZE-chT2C 2223"]
[Site "Czech Republic"]
[Date "2022.11.06"]
[Round "2.5"]
[White "Kandrik, Antonin"]
[Black "Silhan, Petr"]
[Result "1-0"]
[WhiteElo "2058"]
[BlackElo "2058"]
[PlyCount "87"]
[EventDate "2022.10.16"]
[EventType "team-tourn"]
[EventRounds "11"]
[EventCountry "CZE"]
[SourceTitle "EXT 2024"]
[Source "ChessBase"]
[SourceDate "2023.10.10"]
[SourceVersion "1"]
[SourceVersionDate "2023.10.10"]
[SourceQuality "1"]
[WhiteTeam "Praha DDM"]
[BlackTeam "Neratovice II"]
[WhiteTeamCountry "CZE"]
[BlackTeamCountry "CZE"]

1. d4 d5 2. c4 c6 3. Nc3 Nf6 4. Nf3 e6 5. e3 Nbd7 6. Bd3 dxc4 7. Bxc4 b5 8. Bd3 Bb7 9. 0-0 a6 10. e4 c5 11. d5 Qc7 12. dxe6 fxe6 13. Ng5 Qc6 14. Bf4 h6 15. Nf3 0-0-0 16. Re1 Be7 17. Qe2 Rhf8 18. a4 b4 19. Nd1 Nh5 20. Bg3 Nxg3 21. hxg3 Bf6 22. Ne3 Ne5 23. Nxe5 Bxe5 24. Nc4 Bd4 25. Rf1 Qc7 26. Ne3 Qd6 27. Rad1 Kb8 28. b3 Ka7 29. Bc2 Qe5 30. f4 Qf6 31. e5 Qe7 32. Rxd4 Rxd4 33. Nc4 g5 34. Nd6 gxf4 35. gxf4 Rg8 36. Rf2 Qc7 37. Be4 Bxe4 38. Nxe4 Qc6 39. Nd6 Rf8 40. Qe3 Qd5 41. Qg3 Qa8 42. Qg7+ Kb6 43. Qd7 Qd8 44. a5+ 1-0

[Event "CZE-chT2C 2122"]
[Site "Czech Republic"]
[Date "2022.04.03"]
[Round "11.5"]
[White "Silhan, Petr"]
[Black "Horak, Josef"]
[Result "1-0"]
[WhiteElo "2049"]
[BlackElo "2059"]
[PlyCount "57"]
[EventDate "2021.10.17"]
[EventType "team-tourn"]
[EventRounds "11"]
[EventCountry "CZE"]
[SourceTitle "EXT 2025"]
[Source "ChessBase"]
[SourceDate "2024.10.14"]
[SourceVersion "1"]
[SourceVersionDate "2024.10.14"]
[SourceQuality "1"]
[WhiteTeam "Neratovice II"]
[BlackTeam "Tanvald Jiskra"]
[WhiteTeamCountry "CZE"]
[BlackTeamCountry "CZE"]

1. d4 d5 2. c4 c6 3. Nc3 Nf6 4. Nf3 g6 5. e3 Bg7 6. Bd3 0-0 7. 0-0 Nbd7 8. b3 b6 9. Bb2 Bb7 10. Qe2 Rc8 11. Rac1 e6 12. Rfd1 Re8 13. h3 Qe7 14. Ne5 Nxe5 15. dxe5 Nd7 16. f4 f6 17. exf6 Bxf6 18. e4 Bd4+ 19. Kh2 Qh4 20. g3 Qh6 21. e5 Bc5 22. Qg4 Bf8 23. cxd5 cxd5 24. Bb5 Bc6 25. Ba6 Rb8 26. Ne4 dxe4 27. Rxc6 Nc5 28. Bc4 Rbd8 29. Rxe6 1-0

[Event "CZE-chT1W 2122"]
[Site "Czech Republic"]
[Date "2022.03.06"]
[Round "10.2"]
[White "Postupa, Pavel1"]
[Black "Silhan, Petr"]
[Result "1-0"]
[WhiteElo "2253"]
[BlackElo "2049"]
[PlyCount "67"]
[EventDate "2021.10.10"]
[EventType "team-tourn"]
[EventRounds "11"]
[EventCountry "CZE"]
[SourceTitle "EXT 2023"]
[Source "ChessBase"]
[SourceDate "2022.10.05"]
[SourceVersion "1"]
[SourceVersionDate "2022.10.05"]
[SourceQuality "1"]
[WhiteTeam "Pankrac"]
[BlackTeam "Neratovice"]
[WhiteTeamCountry "CZE"]
[BlackTeamCountry "CZE"]

1. e4 c5 2. Nf3 e6 3. g3 Nc6 4. Bg2 Nf6 5. Qe2 d5 6. d3 Be7 7. 0-0 0-0 8. e5 Nd7 9. Re1 b5 10. h4 a5 11. Bf4 b4 12. Nbd2 Ba6 13. Rac1 Nb6 14. Nf1 c4 15. N1h2 a4 16. Bf1 Qd7 17. Ng4 Rfc8 18. Bg5 Bf8 19. h5 Qc7 20. h6 g6 21. Bf6 Nd7 22. Qe3 c3 23. bxc3 bxc3 24. Qf4 Rcb8 25. d4 Bxf1 26. Rxf1 Rb4 27. Rfd1 Qa7 28. Rd3 Rc4 29. Rcd1 Nb4 30. Ng5 Nxd3 31. Rxd3 Nc5 32. Bg7 Bxg7 33. hxg7 Nxd3 34. Qf6 1-0

[Event "CZE-chT2C 2122"]
[Site "Czech Republic"]
[Date "2021.12.05"]
[Round "4.5"]
[White "Silhan, Petr"]
[Black "Vltavsky, Vladimir"]
[Result "1/2-1/2"]
[WhiteElo "2049"]
[BlackElo "2113"]
[PlyCount "90"]
[EventDate "2021.10.17"]
[EventType "team-tourn"]
[EventRounds "11"]
[EventCountry "CZE"]
[SourceTitle "EXT 2025"]
[Source "ChessBase"]
[SourceDate "2024.10.14"]
[SourceVersion "1"]
[SourceVersionDate "2024.10.14"]
[SourceQuality "1"]
[WhiteTeam "Neratovice II"]
[BlackTeam "Turnov Zikuda II"]
[WhiteTeamCountry "CZE"]
[BlackTeamCountry "CZE"]

1. d4 Nf6 2. c4 e6 3. Nf3 b6 4. g3 Bb7 5. Bg2 Bb4+ 6. Bd2 Qe7 7. 0-0 Bxd2 8. Nbxd2 d6 9. Qc2 Nbd7 10. e4 e5 11. d5 a5 12. b3 0-0 13. a3 Ra7 14. Nb1 Rfa8 15. Nc3 Ba6 16. Nd2 Qd8 17. f4 Ng4 18. Rae1 Nh6 19. Nb5 Rb7 20. Nf3 f6 21. Bh3 Nf8 22. Qd3 Rbb8 23. Be6+ Kh8 24. f5 Qe7 25. Nc3 Rd8 26. Rf2 Nd7 27. Nd2 Nf8 28. Qf3 Nxe6 29. fxe6 Rf8 30. Qh5 Rac8 31. Nf1 c6 32. Ne3 b5 33. Qh3 Rfe8 34. dxc6 bxc4 35. Ncd5 Qxe6 36. Qxe6 Rxe6 37. bxc4 Rxc6 38. Rb2 Re8 39. Reb1 Nf7 40. Rb8 Rcc8 41. Rxc8 Bxc8 42. Rb6 h6 43. Nc7 Rd8 44. Ned5 Bg4 45. Ra6 Ng5 1/2-1/2

[Event "CZE-chT2B 1516"]
[Site "Czech Republic"]
[Date "2016.02.07"]
[Round "7.6"]
[White "Silhan, Petr"]
[Black "Chaloupka, Frantisek"]
[Result "1-0"]
[WhiteElo "2092"]
[BlackElo "2018"]
[PlyCount "59"]
[EventDate "2015.10.18"]
[EventType "team-tourn"]
[EventRounds "11"]
[EventCountry "CZE"]
[SourceTitle "EXT 2022"]
[Source "ChessBase"]
[SourceDate "2021.10.06"]
[SourceVersion "1"]
[SourceVersionDate "2021.10.06"]
[SourceQuality "1"]
[WhiteTeam "Neratovice II"]
[BlackTeam "Litomerice"]
[WhiteTeamCountry "CZE"]
[BlackTeamCountry "CZE"]

1. d4 d5 2. c4 e6 3. Nf3 Nf6 4. g3 c6 5. Bg2 dxc4 6. Ne5 Be7 7. 0-0 0-0 8. e3 Qc7 9. Qe2 b5 10. b3 cxb3 11. axb3 Bb7 12. Bb2 Nbd7 13. Nd3 c5 14. Rc1 Bxg2 15. Kxg2 Qb7+ 16. Qf3 Qb6 17. dxc5 Qc7 18. Nc3 Qb8 19. b4 Rc8 20. Ra5 a6 21. Rca1 Ne5 22. Nxe5 Qxe5 23. Na4 Qd5 24. Nb6 Qxf3+ 25. Kxf3 Bd8 26. Nxc8 Bxa5 27. Rxa5 Rxc8 28. Bxf6 gxf6 29. Rxa6 Kf8 30. Rb6 1-0

[Event "Rakovnik Regional-chT 1415"]
[Site "Rakovnik"]
[Date "2015.02.01"]
[Round "7.6"]
[White "Silhan, Petr"]
[Black "Vavrinec, Tomas"]
[Result "1-0"]
[WhiteElo "2016"]
[BlackElo "2079"]
[PlyCount "95"]
[EventDate "2014.10.19"]
[EventType "team-tourn"]
[EventRounds "11"]
[EventCountry "CZE"]
[SourceTitle "EXT 2016"]
[Source "ChessBase"]
[SourceDate "2015.10.08"]
[SourceVersion "1"]
[SourceVersionDate "2015.10.08"]
[SourceQuality "1"]
[WhiteTeam "Neratovice II"]
[BlackTeam "Ricany II"]
[WhiteTeamCountry "CZE"]
[BlackTeamCountry "CZE"]

1. d4 e6 2. c4 c5 3. Nf3 Nf6 4. e3 b6 5. Nc3 Bb7 6. Be2 d5 7. 0-0 Nc6 8. b3 Bd6 9. Bb2 0-0 10. cxd5 exd5 11. Nb5 Bb8 12. Rc1 Ne4 13. Bd3 Qe7 14. Qe2 Rd8 15. Rfd1 Nb4 16. Bb1 Ba6 17. a3 Nc6 18. Bd3 Bb7 19. Qc2 Re8 20. Nc3 Nd8 21. Bb5 cxd4 22. Rxd4 Nxc3 23. Qxc3 Ne6 24. Bxe8 Qxe8 25. Rdd1 f6 26. b4 Qh5 27. h3 Bd6 28. Qd3 Rd8 29. Nd4 Ng5 30. Qf5 Qf7 31. Nc6 Rd7 32. b5 Ne4 33. Kf1 Bg3 34. Rc2 g6 35. Qf3 Bd6 36. Kg1 a6 37. a4 axb5 38. axb5 Qe6 39. Bd4 Bc7 40. Ra1 Qd6 41. Qf4 Qe6 42. Qg4 Qd6 43. f4 Rg7 44. Ra7 h5 45. Qd1 Bc8 46. Ra8 Qe6 47. Na7 Nd6 48. Rc6 1-0

[Event "Prague Golden op"]
[Site "Prague"]
[Date "2010.07.??"]
[Round "1"]
[White "Kovar, Vojtech"]
[Black "Silhan, Petr"]
[Result "1-0"]
[WhiteElo "2340"]
[BlackElo "1990"]
[PlyCount "79"]
[EventDate "2010.07.??"]
[EventType "swiss"]
[EventRounds "9"]
[EventCountry "CZE"]
[SourceTitle "EXT 2012"]
[Source "ChessBase"]
[SourceDate "2011.11.24"]
[SourceVersion "1"]
[SourceVersionDate "2011.11.24"]
[SourceQuality "1"]

1. d4 d5 2. c4 c6 3. Nf3 Nf6 4. Nc3 e6 5. Bg5 Nbd7 6. e3 Bd6 7. cxd5 exd5 8. Bd3 0-0 9. Qc2 Re8 10. Bxh7+ Nxh7 11. Bxd8 Rxd8 12. 0-0 Nhf6 13. Rfe1 Nb6 14. h3 Be6 15. Ng5 Bb4 16. a3 Bxc3 17. Qxc3 Bf5 18. f3 Nh7 19. Nxh7 Bxh7 20. b3 Rd7 21. Rac1 Rad8 22. Qa5 Nc8 23. a4 a6 24. Kf2 Nd6 25. Qd2 Bf5 26. g4 Be6 27. Qd3 f6 28. Kg3 Nf7 29. h4 Nd6 30. h5 Nf7 31. Qg6 Nh6 32. b4 Rd6 33. Qd3 Bd7 34. Qb3 Nf7 35. Rc5 Kf8 36. Rb1 Ng5 37. b5 Ne6 38. bxa6 bxa6 39. Rc3 Bc8 40. Qc2 1-0

[Event "Prague Golden op"]
[Site "Prague"]
[Date "2010.07.??"]
[Round "4"]
[White "Silhan, Petr"]
[Black "Bednar, Marcel"]
[Result "1/2-1/2"]
[WhiteElo "1990"]
[BlackElo "2225"]
[PlyCount "60"]
[EventDate "2010.07.??"]
[EventType "swiss"]
[EventRounds "9"]
[EventCountry "CZE"]
[SourceTitle "EXT 2012"]
[Source "ChessBase"]
[SourceDate "2011.11.24"]
[SourceVersion "1"]
[SourceVersionDate "2011.11.24"]
[SourceQuality "1"]

1. d4 Nf6 2. Nf3 g6 3. c4 Bg7 4. Nc3 d5 5. e3 0-0 6. Qb3 dxc4 7. Bxc4 Nc6 8. Ne5 Nxe5 9. dxe5 Ng4 10. f4 c6 11. 0-0 b5 12. Be2 Be6 13. Qc2 Qb6 14. Qe4 h5 15. Qf3 Rac8 16. a4 b4 17. a5 Qb8 18. Nd1 Nh6 19. h3 Nf5 20. g4 hxg4 21. hxg4 Nh4 22. Qh3 g5 23. f5 Bd7 24. e4 Bh6 25. Bf4 gxf4 26. Qxh4 Bg7 27. f6 Qxe5 28. fxg7 Kxg7 29. g5 Qxe4 30. Qh6+ Kg8 1/2-1/2

[Event "Czechia KP-chTA 0607"]
[Site "Czech Republic"]
[Date "2007.03.18"]
[Round "10.5"]
[White "Framberk, Jan"]
[Black "Silhan, Petr"]
[Result "1/2-1/2"]
[WhiteElo "2017"]
[BlackElo "1911"]
[PlyCount "45"]
[EventDate "2006.10.29"]
[EventType "team-tourn"]
[EventRounds "11"]
[EventCountry "CZE"]
[SourceTitle "EXT 2008"]
[Source "ChessBase"]
[SourceDate "2007.11.25"]
[SourceVersion "1"]
[SourceVersionDate "2007.11.25"]
[SourceQuality "1"]
[WhiteTeam "Uholicky"]
[BlackTeam "Melnik"]
[WhiteTeamCountry "CZE"]
[BlackTeamCountry "CZE"]

1. e4 c5 2. Nf3 d6 3. d4 cxd4 4. Nxd4 Nf6 5. Nc3 a6 6. Be2 e6 7. 0-0 Be7 8. Kh1 b5 9. Bf3 e5 10. Nf5 Bxf5 11. exf5 Ra7 12. Bg5 0-0 13. Bxf6 Bxf6 14. Nd5 Nd7 15. a4 bxa4 16. Rxa4 Nc5 17. Rc4 e4 18. Nxf6+ Qxf6 19. Bxe4 Nxe4 20. Rxe4 Qxb2 21. Qxd6 Qb8 22. Qd4 Qb5 23. c4 1/2-1/2

[Event "Czechia KP-chTA 0607"]
[Site "Czech Republic"]
[Date "2007.03.04"]
[Round "9.4"]
[White "Hanibal, Kamil"]
[Black "Silhan, Petr"]
[Result "1-0"]
[WhiteElo "1935"]
[BlackElo "1911"]
[PlyCount "35"]
[EventDate "2006.10.29"]
[EventType "team-tourn"]
[EventRounds "11"]
[EventCountry "CZE"]
[SourceTitle "EXT 2008"]
[Source "ChessBase"]
[SourceDate "2007.11.25"]
[SourceVersion "1"]
[SourceVersionDate "2007.11.25"]
[SourceQuality "1"]
[WhiteTeam "Emerge MB B"]
[BlackTeam "Melnik"]
[WhiteTeamCountry "CZE"]
[BlackTeamCountry "CZE"]

1. e4 e5 2. Bc4 Nf6 3. d4 Nxe4 4. dxe5 c6 5. Qe2 Nc5 6. Nf3 Be7 7. Be3 0-0 8. Nbd2 d5 9. exd6 Bxd6 10. 0-0-0 Qc7 11. Rhe1 Nbd7 12. Ng5 b6 13. Bd4 Nf6 14. Bxf6 gxf6 15. Nge4 Bf5 16. Nxf6+ Kh8 17. Qf3 Bg6 18. h4 1-0

[Event "Czechia KP-chTA 0607"]
[Site "Czech Republic"]
[Date "2007.01.07"]
[Round "5.4"]
[White "Silhan, Petr"]
[Black "Duran, Tomas"]
[Result "0-1"]
[WhiteElo "1911"]
[BlackElo "2154"]
[PlyCount "114"]
[EventDate "2006.10.29"]
[EventType "team-tourn"]
[EventRounds "11"]
[EventCountry "CZE"]
[SourceTitle "EXT 2008"]
[Source "ChessBase"]
[SourceDate "2007.11.25"]
[SourceVersion "1"]
[SourceVersionDate "2007.11.25"]
[SourceQuality "1"]
[WhiteTeam "Melnik"]
[BlackTeam "Bakov nad Jizerou"]
[WhiteTeamCountry "CZE"]
[BlackTeamCountry "CZE"]

1. e4 g6 2. d4 Bg7 3. Nc3 d6 4. Be3 Nf6 5. Qd2 Ng4 6. Bg5 h6 7. Bh4 Nc6 8. h3 Nf6 9. 0-0-0 g5 10. Bg3 Nh5 11. Nf3 Nxg3 12. fxg3 g4 13. hxg4 Bxg4 14. d5 Ne5 15. Nxe5 dxe5 16. Be2 Bd7 17. g4 e6 18. Rh5 Qe7 19. Qe3 Bf6 20. Kb1 Bg5 21. Qf2 c6 22. dxc6 Bxc6 23. Nb5 0-0 24. Nc3 Kg7 25. Rh3 a6 26. Bd3 Rad8 27. Rf1 Qb4 28. Rf3 f6 29. a3 Qa5 30. Bc4 Rd2 31. Qg1 Ba4 32. Rc1 Rd4 33. Bxe6 Bxc1 34. Qxc1 Bc6 35. Bf5 Rfd8 36. Rh3 Rh8 37. Qe3 Qd8 38. Qg3 Rd2 39. Be6 Qd4 40. Bd5 Qg1+ 41. Ka2 Qxg2 42. Bxc6 Qxg3 43. Rxg3 bxc6 44. Kb1 Kg6 45. Na4 Kg5 46. Nc5 Kf4 47. Rg1 Kf3 48. Nd3 Kxe4 49. Rf1 Rf8 50. Rh1 Kf3 51. Kc1 Re2 52. Kd1 Re4 53. Rxh6 Rxg4 54. b4 e4 55. Ne1+ Kf4 56. Kd2 f5 57. Rxc6 Rh8 0-1

[Event "Czechia KP-chTA 0607"]
[Site "Czech Republic"]
[Date "2006.10.29"]
[Round "1.5"]
[White "Doubek, Martin"]
[Black "Silhan, Petr"]
[Result "0-1"]
[WhiteElo "1739"]
[BlackElo "1911"]
[PlyCount "102"]
[EventDate "2006.10.29"]
[EventType "team-tourn"]
[EventRounds "11"]
[EventCountry "CZE"]
[SourceTitle "EXT 2008"]
[Source "ChessBase"]
[SourceDate "2007.11.25"]
[SourceVersion "1"]
[SourceVersionDate "2007.11.25"]
[SourceQuality "1"]
[WhiteTeam "Kladno II"]
[BlackTeam "Melnik"]
[WhiteTeamCountry "CZE"]
[BlackTeamCountry "CZE"]

1. e4 c5 2. Nf3 d6 3. d4 cxd4 4. Nxd4 Nf6 5. Nc3 a6 6. Bg5 Nc6 7. Be2 e5 8. Nb3 Be7 9. 0-0 0-0 10. Qd2 Be6 11. Rad1 Rc8 12. a3 Ne8 13. Bxe7 Nxe7 14. Kh1 Qb6 15. Nd5 Nxd5 16. exd5 Bf5 17. Bd3 Bg4 18. f3 Bd7 19. Qf2 Qxf2 20. Rxf2 f5 21. Rc1 Rc7 22. c4 b6 23. Nd2 Nf6 24. Rcf1 a5 25. b3 g6 26. a4 Kg7 27. g3 Be8 28. Kg2 Nd7 29. Bc2 Nc5 30. Re2 Re7 31. Rfe1 Bd7 32. Kg1 g5 33. Kg2 h5 34. h3 Kf6 35. Kg1 Rg8 36. Kg2 Reg7 37. Kh2 Rg6 38. Rf1 Rh6 39. Kg2 f4 40. g4 hxg4 41. hxg4 Rgh8 42. Kf2 Be8 43. Ne4+ Nxe4+ 44. Bxe4 Bg6 45. Bxg6 Kxg6 46. Rg1 Kf6 47. Kf1 Rh3 48. Rf2 e4 49. fxe4 Rxb3 50. Ke2 Ke5 51. Rf3 Rh2+ 0-1

[Event "CZE-chT3A Middle 0506  "]
[Site "Czech Republic"]
[Date "2005.11.27"]
[Round "3.4"]
[White "Silhan, Petr"]
[Black "Bargel, Martin"]
[Result "0-1"]
[WhiteElo "1860"]
[BlackElo "2102"]
[PlyCount "94"]
[EventDate "2005.10.30"]
[EventType "team-tourn"]
[EventRounds "11"]
[EventCountry "CZE"]
[SourceTitle "EXT 2009"]
[Source "ChessBase"]
[SourceDate "2008.11.26"]
[SourceVersion "1"]
[SourceVersionDate "2008.11.26"]
[SourceQuality "1"]

1. e4 c5 2. Nf3 d6 3. d4 cxd4 4. Nxd4 Nf6 5. Nc3 g6 6. Bc4 Bg7 7. 0-0 0-0 8. Bb3 Nc6 9. Nxc6 bxc6 10. f4 c5 11. Qf3 Ba6 12. Rd1 c4 13. Ba4 Qa5 14. Kh1 Rab8 15. e5 dxe5 16. fxe5 Bb7 17. Bc6 Bxc6 18. Qxc6 Qxe5 19. Qxc4 Rfc8 20. Qd4 Qa5 21. Re1 Rd8 22. Qe5 Qxe5 23. Rxe5 Ne4 24. Rxe4 Bxc3 25. Be3 Rxb2 26. Rxe7 Rxc2 27. Rf1 Re2 28. a4 f6 29. Bc5 Rxe7 30. Bxe7 Rd2 31. Bc5 a5 32. Rc1 Be5 33. Bb6 Rd5 34. g3 Bd6 35. Rc6 Kf7 36. Bxa5 Bxg3 37. Bd8 Rxd8 38. hxg3 Ra8 39. Rc4 h5 40. Kg2 Ke6 41. Kh3 Kd5 42. Rb4 Ra6 43. g4 hxg4+ 44. Rxg4 f5 45. Rf4 Re6 46. Kg3 Re4 47. Kf3 Rxf4+ 0-1